000
00309nam a22001337a 4500
008
230418b ||||| |||| 00| 0 eng d
041
_a
SERBISHT
080
_a
616.0
082
_a
616.0ZIV
100
_a
11
101
_a
REUMA
245
_a
RADIOLOSKI ATLA REUMATICNIH BOLEST
_c
ZIVKOVIC .M
942
_2
udc
_c
BK
999
_c
59574
_d
59574